[Event "UrFO-ch op"]
[Site "Cheliabinsk"]
[Date "2011.03.26"]
[Round "8"]
[White "Sviridov, Alexander"]
[Black "Povolotsky, Evgeny"]
[Result "0-1"]
[WhiteElo "2245"]
[BlackElo "1980"]
[PlyCount "76"]
[EventDate "2011.03.19"]
[EventType "swiss"]
[EventRounds "9"]
[EventCountry "RUS"]
[SourceTitle "EXT 2012"]
[Source "ChessBase"]
[SourceDate "2011.11.24"]
[SourceVersion "1"]
[SourceVersionDate "2011.11.24"]
[SourceQuality "1"]

1. e4 c5 2. Nf3 e6 3. d3 Nc6 4. g3 g6 5. Bg2 Bg7 6. 0-0 Nge7 7. Nbd2 d6 8. Re1 Rb8 9. a4 a6 10. c3 b5 11. axb5 axb5 12. Qc2 0-0 13. Nf1 b4 14. Be3 Bd7 15. d4 cxd4 16. cxd4 f5 17. d5 b3 18. Qd2 fxe4 19. dxc6 exf3 20. cxd7 fxg2 21. Kxg2 Qxd7 22. Bh6 Qc6+ 23. Kg1 Bxh6 24. Qxh6 Nf5 25. Qd2 e5 26. Rec1 Qb7 27. Qd3 Nd4 28. Nd2 Qf7 29. Rf1 Qd5 30. f3 Qc5 31. Kg2 Qc2 32. Qe3 Qxb2 33. Ra7 Nf5 34. Qg5 Qd4 35. Rd7 Qe3 36. f4 Qxd2+ 37. Rf2 Qd5+ 38. Kh3 b2 0-1

[Event "UrFO-ch op"]
[Site "Cheliabinsk"]
[Date "2011.03.21"]
[Round "4"]
[White "Povolotsky, Evgeny"]
[Black "Rodionov, Nikolai"]
[Result "1/2-1/2"]
[WhiteElo "1980"]
[BlackElo "1824"]
[PlyCount "42"]
[EventDate "2011.03.19"]
[EventType "swiss"]
[EventRounds "9"]
[EventCountry "RUS"]
[SourceTitle "EXT 2012"]
[Source "ChessBase"]
[SourceDate "2011.11.24"]
[SourceVersion "1"]
[SourceVersionDate "2011.11.24"]
[SourceQuality "1"]

1. d4 Nf6 2. c4 g6 3. Nc3 Bg7 4. Nf3 0-0 5. Bg5 d6 6. e3 c5 7. Be2 h6 8. Bh4 Bf5 9. 0-0 Qb6 10. Bxf6 exf6 11. Nd5 Qd8 12. Bd3 Bg4 13. dxc5 dxc5 14. h3 Bxf3 15. Qxf3 Nc6 16. Rad1 f5 17. Qe2 Qg5 18. a3 Rad8 19. b4 cxb4 20. axb4 Rfe8 21. Kh2 Rd7 1/2-1/2

[Event "Cheliabinsk Postovalov Memorial 5th"]
[Site "Cheliabinsk"]
[Date "2011.01.10"]
[Round "9"]
[White "Povolotsky, Evgeny"]
[Black "Eryshkanova, Anastasiya"]
[Result "0-1"]
[WhiteElo "1975"]
[BlackElo "2168"]
[PlyCount "76"]
[EventDate "2011.01.06"]
[EventType "swiss"]
[EventRounds "9"]
[EventCountry "RUS"]
[SourceTitle "CBM 140 Extra"]
[Source "ChessBase"]
[SourceDate "2011.03.01"]
[SourceVersion "1"]
[SourceVersionDate "2011.03.01"]
[SourceQuality "1"]

1. d4 d5 2. c4 e6 3. Nc3 Nf6 4. Bg5 Nbd7 5. e3 Be7 6. Nf3 0-0 7. Bd3 dxc4 8. Bxc4 c5 9. 0-0 a6 10. a4 Nb6 11. Bd3 cxd4 12. Nxd4 Nbd5 13. Qe2 Nxc3 14. bxc3 Qa5 15. Bxf6 Bxf6 16. Rfc1 e5 17. Nb3 Qc7 18. Be4 Be6 19. c4 Rfd8 20. Nd2 Rac8 21. Rab1 b6 22. Rc2 Be7 23. c5 Bxc5 24. Qxa6 f5 25. Bf3 e4 26. Be2 Ra8 27. Qb5 Ra5 28. Qb2 Rxa4 29. Nc4 f4 30. Nxb6 Qxb6 31. Qc1 Bxe3 32. fxe3 Qxe3+ 33. Qxe3 fxe3 34. Rc3 Rd2 35. Rxe3 Raa2 36. Kf1 Rxe2 37. Rxe2 Bc4 38. Rbe1 e3 0-1

[Event "Cheliabinsk Postovalov Memorial 5th"]
[Site "Cheliabinsk"]
[Date "2011.01.06"]
[Round "2"]
[White "Povolotsky, Evgeny"]
[Black "Suslova, Alena"]
[Result "0-1"]
[WhiteElo "1975"]
[BlackElo "2180"]
[PlyCount "62"]
[EventDate "2011.01.06"]
[EventType "swiss"]
[EventRounds "9"]
[EventCountry "RUS"]
[SourceTitle "CBM 140 Extra"]
[Source "ChessBase"]
[SourceDate "2011.03.01"]
[SourceVersion "1"]
[SourceVersionDate "2011.03.01"]
[SourceQuality "1"]

1. d4 Nf6 2. c4 g6 3. Nc3 Bg7 4. Bg5 0-0 5. Nf3 d6 6. e3 Nfd7 7. Be2 f6 8. Bh4 Qe8 9. 0-0 e5 10. dxe5 dxe5 11. Qd5+ Kh8 12. Rfd1 Nb6 13. Qd2 Be6 14. c5 N6d7 15. b4 Nc6 16. Nd5 Rc8 17. b5 Ne7 18. Nxe7 Qxe7 19. Rac1 g5 20. c6 bxc6 21. bxc6 Nb6 22. Bg3 Qa3 23. e4 a5 24. Rc3 Qb4 25. a3 Qxe4 26. Rc5 Bg8 27. Bd3 Qa4 28. Rxa5 Qxc6 29. Rc1 Qd6 30. Be4 Nc4 31. Qxd6 cxd6 0-1

[Event "Cheliabinsk Panchenko Memorial 2nd"]
[Site "Cheliabinsk"]
[Date "2010.10.08"]
[Round "5"]
[White "Kaliamin, Andrey A"]
[Black "Povolotsky, Evgeny"]
[Result "0-1"]
[WhiteElo "1763"]
[BlackElo "1971"]
[PlyCount "76"]
[EventDate "2010.10.04"]
[EventType "swiss"]
[EventRounds "9"]
[EventCountry "RUS"]
[SourceTitle "EXT 2011"]
[Source "ChessBase"]
[SourceDate "2010.11.26"]
[SourceVersion "1"]
[SourceVersionDate "2010.11.26"]
[SourceQuality "1"]

1. d4 d5 2. Nf3 Nf6 3. Bg5 Bf5 4. e3 e6 5. Nbd2 Be7 6. Be2 0-0 7. 0-0 Nbd7 8. Ne5 Nxe5 9. dxe5 Nd7 10. Bxe7 Qxe7 11. f4 Qc5 12. Rf3 Bxc2 13. Qe1 Bg6 14. Nb3 Qb6 15. Rg3 c5 16. Kh1 c4 17. Nd4 Qxb2 18. Bg4 Nc5 19. Be2 c3 20. Rxg6 hxg6 21. Qc1 Ne4 22. Rb1 Qxc1+ 23. Rxc1 a6 24. Bf3 Rac8 25. g4 Rc7 26. f5 Nf2+ 27. Kg1 Nd3 28. Rc2 Nxe5 29. Be2 Rfc8 30. fxe6 fxe6 31. Nxe6 Re7 32. Nf4 Nc4 33. Bxc4 Rxc4 34. Kf2 d4 35. exd4 Rxd4 36. Ne2 Rd2 37. Rxc3 Rexe2+ 38. Kf1 Rxa2 0-1